[Event "TCh-FIN 2003-4"]
[Site "Finland FIN"]
[Date "2003.11.15"]
[Round "4"]
[White "Alho,S"]
[Black "Franssila,T"]
[Result "0-1"]
[WhiteElo "2084"]
[BlackElo "2269"]

1.e4 c5 2.Nf3 Nc6 3.Bb5 g6 4.O-O Bg7 5.c3 Nf6 6.Re1 O-O 7.d4 cxd4 8.e5 Nd5
9.cxd4 Nc7 10.Ba4 d6 11.Bf4 Bg4 12.Bxc6 bxc6 13.Qd3 Ne6 14.Qe3 Bxf3 15.gxf3 dxe5
16.Bxe5 Bxe5 17.dxe5 Qd4 18.Nc3 Qh4 19.Ne2 g5 20.Kh1 Rab8 21.Rg1 Rxb2 22.Rg4 Qh5
23.Nf4 Nxf4 24.Qxf4 f6 25.Rag1 Qg6 26.Qc4+ Kh8 27.exf6 Qxf6 28.R1g3 h6 29.Kg2 Rd8
30.f4 Rdd2 31.Rf3 Rbc2 32.Qb3 Qd4 33.Rxg5 Rxf2+  0-1

[Event "TCh-FIN 2003-4"]
[Site "Finland FIN"]
[Date "2003.11.16"]
[Round "5"]
[White "Jouhki,Y"]
[Black "Reizniece,D"]
[Result "1-0"]
[WhiteElo "2302"]
[BlackElo "2309"]

1.e4 c5 2.Nf3 Nc6 3.Bb5 g6 4.O-O Bg7 5.Re1 Nf6 6.Bxc6 bxc6 7.e5 Nd5 8.c4 Nc7
9.d4 cxd4 10.Qxd4 O-O 11.Nc3 f6 12.Qh4 Ne6 13.Ne4 fxe5 14.Neg5 Nxg5 15.Bxg5 Qc7
16.Bxe7 Rf4 17.Qg5 Rf5 18.Bd8 Qb8 19.Qd2 Bb7 20.Qxd7 Rf7 21.Qe8+ Bf8 22.Nxe5 Re7
23.Qxf8+ Kxf8 24.Bxe7+ Kg8 25.Rad1 Qc7 26.Rd7 Qb6 27.Bf6 Rf8 28.Rg7+ Kh8
29.Nf7+  1-0

[Event "Friendship IM"]
[Site "Cartak CZE"]
[Date "2003.11.17"]
[Round "8"]
[White "Schwarz,D"]
[Black "Michenka,J"]
[Result "1/2-1/2"]
[WhiteElo "2272"]
[BlackElo "2339"]

1.e4 c5 2.Nf3 Nc6 3.Bb5 g6 4.Bxc6 dxc6 5.h3 Bg7 6.d3 Nf6 7.Nc3 b6 8.Be3 Qc7
9.Qd2 e5 10.Bh6 O-O 11.Nh2 Bxh6 12.Qxh6 Nh5 13.Ng4 f6 14.g3 Be6 15.Ne2 Rad8
16.f4 exf4 17.Nxf4 Nxf4 18.gxf4 f5 19.Ne5 fxe4 20.O-O-O Bf5 21.dxe4 Bxe4
22.Rhe1 Rxd1+ 23.Rxd1 Rd8 24.Rxd8+ Qxd8 25.c3 b5 26.h4 b4 27.Qg5 Qd5 28.Qf6 bxc3
29.bxc3 Qxa2 30.Qd8+ Kg7 31.Qe7+ Kg8 32.Qe8+ Kg7 33.Qe7+  1/2-1/2

[Event "Claude Pecaut Mem"]
[Site "Taormina ITA"]
[Date "2003.11.20"]
[Round "6"]
[White "Godena,M"]
[Black "Tomescu,V"]
[Result "1-0"]
[WhiteElo "2523"]
[BlackElo "2447"]

1.e4 c5 2.Nf3 Nc6 3.Bb5 e6 4.O-O Nge7 5.Re1 a6 6.Bf1 d5 7.exd5 Qxd5 8.Bd3 Ng6
9.Be4 Qd6 10.c3 Be7 11.d4 O-O 12.dxc5 Qxd1 13.Rxd1 Bxc5 14.Be3 Bxe3 15.fxe3 Nce5
16.Nbd2 Rb8 17.Bxg6 Nxg6 18.Nc4 f6 19.Nb6 e5 20.Rd6 Re8 21.Nd2 Bf5 22.Nb3 Re6
23.Rad1 Nf8 24.Nc5 Ree8 25.e4 Be6 26.a4 Kf7 27.a5 h5 28.b4 Kg6 29.Nd5 Bg4
30.Rd2 Ne6 31.Nd7 Rbd8 32.h3 Rxd7 33.Rxd7 Nc5 34.Ne7+  1-0

[Event "IM"]
[Site "Varazdin CRO"]
[Date "2003.11.25"]
[Round "7"]
[White "Makaj,M"]
[Black "Kiss,At"]
[Result "0-1"]
[WhiteElo "2172"]
[BlackElo "2397"]

1.e4 c5 2.Nf3 Nc6 3.Bb5 g6 4.O-O Bg7 5.Qe2 Nf6 6.e5 Nd5 7.Qc4 Nc7 8.Bxc6 dxc6
9.Qxc5 Bg4 10.c3 Bxf3 11.gxf3 Qd3 12.Qe3 Qxe3 13.fxe3 Bxe5 14.d4 Bg7 15.Nd2 O-O
16.e4 f5 17.Nc4 fxe4 18.fxe4 Rxf1+ 19.Kxf1 e5 20.Nxe5 Bxe5 21.dxe5 Re8 22.Be3 Rxe5
23.Bf4 Re7 24.Bxc7 Rxc7 25.Ke2 Kf7 26.Rd1 Ke7 27.Ke3 Rc8 28.c4 c5 29.Rd5 b6
30.h4 h6 31.Rd1 Ke6 32.e5 Kxe5 33.Rd7 a5 34.Rh7 h5 35.Re7+ Kf5 36.Kf3 Rd8
37.Rf7+ Ke5 38.Re7+ Kf6 39.Rb7 Rd3+ 40.Kf4 Rd4+ 41.Kg3 Rd3+ 42.Kf4 Rd4+ 43.Kg3 Rg4+
44.Kh3 Rxc4 45.Rxb6+ Kf5 46.Rb5 a4 47.Ra5 Ke4 48.Ra6 Rd4 49.Re6+ Kf5 50.Re3 c4
51.Re2 Rd3+ 52.Kg2 Kf4 53.Rc2 Rd4 54.Kh3 Ke3 55.a3 Rg4 56.Rc1 Kd2 57.Rf1 Kc2
58.Rf2+ Kb3 59.Re2 Rd4 60.Kg3 Rg4+ 61.Kh3 Rg1 62.Kh2 Rb1 63.Kg3 Rxb2 64.Re6 Rb1
65.Kf3 Rg1 66.Ke2 Kxa3 67.Kd2 Kb4 68.Rb6+ Kc5 69.Re6 a3  0-1

[Event "Fakel Jamala"]
[Site "Noyabrsk RUS"]
[Date "2003.11.26"]
[Round "9"]
[White "Baklan,V"]
[Black "Kuznetsov,Vi2"]
[Result "1-0"]
[WhiteElo "2600"]
[BlackElo "2367"]

1.e4 c5 2.Nf3 Nc6 3.Bb5 g6 4.O-O Bg7 5.c3 Nf6 6.Re1 O-O 7.h3 d5 8.e5 Ne8
9.d4 cxd4 10.cxd4 Bd7 11.Nc3 Nc7 12.Bf1 Rb8 13.Be3 b5 14.Rc1 Na5 15.b3 b4
16.Ne2 Ne6 17.Nf4 Nxf4 18.Bxf4 Rb6 19.e6 Bc6 20.Ng5 f6 21.Nf7 Qc8 22.Qf3 f5
23.Qe3 Bf6 24.Bd3 Nb7 25.Bxf5  1-0

[Event "IM"]
[Site "Varazdin CRO"]
[Date "2003.11.27"]
[Round "10"]
[White "Makaj,M"]
[Black "Maras,M"]
[Result "1/2-1/2"]
[WhiteElo "2172"]
[BlackElo "2289"]

1.e4 c5 2.Nf3 Nc6 3.Bb5 Nd4 4.Nxd4 cxd4 5.O-O a6 6.Bc4 e6 7.d3 Ne7 8.f4 Nc6
9.a4 Be7 10.Qh5 g6 11.Qe2 d5 12.exd5 exd5 13.Bb3 O-O 14.Qf3 Be6 15.f5 Bxf5
16.Bh6 Be6 17.Bxf8 Bxf8 18.Nd2 Bh6 19.Rad1 Be3+ 20.Kh1 Qg5 21.Qe2 Bg4 22.Nf3 Qh5
23.Qe1 Bf4 24.Qh4 Qxh4 25.Nxh4 Bxd1 26.Rxd1 Rd8 27.g3 Bg5 28.Nf3 Bf6 29.Re1 h5
30.Kg2 Kf8 31.h3 Rd6 32.Kf2 Nd8 33.Re2 Ne6 34.Ke1 Nc5 35.Kd2 Bg7 36.g4 hxg4
37.hxg4 Ne6 38.c3 dxc3+ 39.bxc3 Bh6+ 40.Kd1 Bf4 41.Rb2 b6 42.c4 dxc4 43.Bxc4 Nc5
44.Kc2 Nxa4 45.Rb4 Nc5 46.Bxa6 g5 47.Bc4 Nd7 48.Rb5 Nc5 49.d4  1/2-1/2

[Event "ch-GRE w"]
[Site "Aspropyrgos GRE"]
[Date "2003.11.29"]
[Round "1"]
[White "Ikonomopoulou,M"]
[Black "Stefanidi,M"]
[Result "1-0"]
[WhiteElo "2039"]
[BlackElo "2142"]

1.e4 c5 2.Nf3 Nc6 3.Bb5 g6 4.c3 Bg7 5.d4 cxd4 6.cxd4 Qa5+ 7.Nc3 Nf6 8.Qa4 Qxa4
9.Bxa4 O-O 10.h3 d6 11.O-O a6 12.Bg5 b5 13.Bb3 Rb8 14.Rfe1 e6 15.d5 exd5
16.Nxd5 Nxd5 17.exd5 Na5 18.Be7 Nxb3 19.axb3 Bxb2 20.Bxf8 Kxf8 21.Ra2 Bf6
22.Nd2 Bb7 23.Ne4 Be5 24.Rd1 Rc8 25.g3 f5 26.Ng5 h6 27.Ne6+ Kf7 28.f4 Bf6
29.Re2 Rc3 30.Kh2 a5 31.g4 b4 32.Kg2 Ba6 33.Ra2 Bc8 34.Rxa5 Bxe6 35.Ra7+ Ke8
36.dxe6 Rxb3 37.Rxd6 Rb2+ 38.Kf1 b3 39.Rb6 Rb1+ 40.Ke2 Rb2+ 41.Kd3 Bd8 42.Rb8 Ra2
43.Rd7  1-0

[Event "TCh-AUT 2003-4"]
[Site "Graz AUT"]
[Date "2003.11.29"]
[Round "2"]
[White "Shchekachev,A"]
[Black "Wells,P"]
[Result "1-0"]
[WhiteElo "2522"]
[BlackElo "2485"]

1.e4 c5 2.Nf3 Nc6 3.Bb5 g6 4.Bxc6 dxc6 5.d3 Bg7 6.h3 Nf6 7.Nc3 Nd7 8.Be3 e5
9.Qd2 h6 10.O-O Qe7 11.Nh2 Nf8 12.f4 exf4 13.Rxf4 Be6 14.Raf1 Nd7 15.R4f2 O-O-O
16.Ne2 Ne5 17.Qa5 b6 18.Qa6+ Kb8 19.Nf3 g5 20.Qa3 Nxf3+ 21.Rxf3 f5 22.exf5 Bd5
23.Rg3 Be5 24.Bf2 Bxg3 25.Nxg3 g4 26.hxg4 Qg5 27.c4 Bf7 28.Qc3 h5 29.Ne4 Qxg4
30.Qe5+ Ka8 31.Qf6 h4 32.Qxc6+ Kb8 33.Nd6 Rxd6 34.Qxd6+ Kb7 35.Qd7+ Ka6 36.Re1 h3
37.Qa4+  1-0

[Event "33rd Rilton Cup"]
[Site "Stockholm SWE"]
[Date "2003.12.02"]
[Round "6"]
[White "Lobron,E"]
[Black "Lindberg,H"]
[Result "1-0"]
[WhiteElo "2497"]
[BlackElo "2208"]

1.e4 c5 2.Nf3 Nc6 3.Bb5 g6 4.O-O Bg7 5.c3 Nf6 6.Qa4 a6 7.Re1 Na5 8.Bf1 b5
9.Qa3 Qc7 10.d4 cxd4 11.cxd4 O-O 12.Bd2 Nc4 13.Bxc4 bxc4 14.Ba5 Qf4 15.Nbd2 Bb7
16.e5 Nd5 17.Nxc4 Rac8 18.Bd2 Qf5 19.Rac1 f6 20.Qb3 Rxc4 21.Rxc4 Bc6 22.Rc5 e6
23.Qc2 Qh5 24.Rxc6 dxc6 25.Qxc6 Qf5 26.exf6 Bxf6 27.Qxe6+ Qxe6 28.Rxe6 a5
29.Bxa5 Ra8 30.Bd2  1-0

[Event "33rd Rilton Cup"]
[Site "Stockholm SWE"]
[Date "2003.12.03"]
[Round "7"]
[White "Haapasalo,JP"]
[Black "Ernst,T"]
[Result "1/2-1/2"]
[WhiteElo "2146"]
[BlackElo "2447"]

1.e4 c5 2.Nf3 Nc6 3.Bb5 Nf6 4.e5 Nd5 5.Nc3 Nc7 6.Bxc6 dxc6 7.h3 g6 8.Ne4 Ne6
9.O-O Bg7 10.b3 O-O 11.Bb2 b6 12.Re1 Bb7 13.d3 Nd4 14.Neg5 h6 15.Ne4 Qd5
16.Ned2 Rad8 17.Re4 Nxf3+ 18.Qxf3 Bc8 19.Qg3 Bf5 20.Re2 Kh7 21.Rae1 Rg8 22.Qf4 Qd7
23.Ne4 g5 24.Qe3 Qe6 25.g4 Bxe4 26.Qxe4+ Qg6 27.Qf3 Rd5 28.Re4 Rdd8 29.R4e2 Rgf8
30.Kg2 Rd5 31.Re4 Kg8 32.Qg3 a5 33.a4 Rdd8 34.Bc3 Rde8 35.Qe3 Rd8 36.Qg3 Rde8
37.Qe3 Rd8  1/2-1/2

[Event "ch-GRE w"]
[Site "Aspropyrgos GRE"]
[Date "2003.12.04"]
[Round "6"]
[White "Sperdokli,E"]
[Black "Kondou,E"]
[Result "0-1"]
[WhiteElo "2101"]
[BlackElo "2183"]

1.e4 c5 2.Nf3 Nc6 3.Bb5 d6 4.c3 Bd7 5.d4 Nf6 6.Qe2 cxd4 7.cxd4 Qb6 8.Nc3 a6
9.Ba4 Nxd4 10.Bxd7+ Nxd7 11.Nxd4 Qxd4 12.Be3 Qb4 13.O-O e6 14.a3 Qa5 15.b4 Qd8
16.f4 Be7 17.f5 O-O 18.fxe6 fxe6 19.Qg4 Rxf1+ 20.Rxf1 Nf8 21.Ne2 Bf6 22.Nf4 Qe7
23.Nh5 Nd7 24.Nxf6+ Nxf6 25.Qh4 Rf8 26.e5 Nd5 27.Qxe7 Nxe7 28.exd6 Nd5 29.Bg5 Rxf1+
30.Kxf1 Nb6 31.Ke2 Kf7 32.Bd8 Nc4 33.Bc7 Ke8 34.a4 Kd7 35.Kd3 Nxd6 36.Bb6 Kc6
37.Bd4 g6 38.g4 Kd5 39.Bf2 Nc4 40.h3 Nb2+ 41.Kc2 Nxa4 42.Kb3 b5 43.h4 Ke4
44.g5 Kf3  0-1

[Event "Open"]
[Site "Santo Domingo DOM"]
[Date "2003.12.04"]
[Round "9"]
[White "Alekseev,E"]
[Black "Ramirez,Al"]
[Result "0-1"]
[WhiteElo "2613"]
[BlackElo "2483"]

1.e4 c5 2.Nf3 Nc6 3.Bb5 g6 4.O-O Bg7 5.c3 Nf6 6.Qa4 O-O 7.d4 cxd4 8.cxd4 d6
9.Bxc6 bxc6 10.Qxc6 Bg4 11.Nbd2 Rc8 12.Qa4 Qb6 13.Re1 Qb7 14.Qb3 Qxb3 15.Nxb3 Rc2
16.h3 Bxf3 17.gxf3 Rfc8 18.Rb1 Nd7 19.Bg5 Kf8 20.Rec1 Nb6 21.Kf1 a5 22.Be3 a4
23.Rxc2 Rxc2 24.Na1 Rc8 25.Ke2 Ke8 26.Kd3 Kd7 27.Rc1 Rb8 28.Nc2 d5 29.Nb4 e6
30.Na6 Ra8 31.Rc7+ Ke8 32.Nc5 Bf8 33.Bf4 Be7 34.Kc3 h5 35.Rb7 Nc4 36.Rb8+ Rxb8
37.Bxb8 Bxc5 38.dxc5 Kd7 39.exd5 exd5 40.f4 Kc6 41.Bd6 Kb5 42.b3 axb3 43.axb3 Na5
44.Kd4 Kc6 45.b4 Nb3+ 46.Ke5 d4 47.Ke4 f5+ 48.Kd3 Kd5 49.Be5 Nc1+ 50.Kc2 Na2
51.Kb3 Nc1+ 52.Kc2 Na2 53.Kb3 Nc1+ 54.Ka4 Nd3 55.Bf6 Nxf2 56.Kb3 Nxh3 57.Be5 h4
58.Bf6 Nxf4 59.Bxh4 Ne6 60.Kc2 g5 61.Bf2 f4 62.Kd3 g4 63.Ke2 g3 64.Be1 Ke4
65.c6 f3+ 66.Kf1 f2 67.Bxf2 gxf2  0-1

[Event "33rd Rilton Cup"]
[Site "Stockholm SWE"]
[Date "2003.12.04"]
[Round "8"]
[White "Lukin,A"]
[Black "Franssila,T"]
[Result "1-0"]
[WhiteElo "2431"]
[BlackElo "2273"]

1.e4 c5 2.Nf3 Nc6 3.Bb5 g6 4.O-O Bg7 5.c3 Nf6 6.Qa4 Qc7 7.Re1 a6 8.d4 cxd4
9.cxd4 Na7 10.Bd3 b5 11.Qb3 Bb7 12.Nc3 e6 13.a4 O-O 14.Bg5 Rfb8 15.Rec1 bxa4
16.Nxa4 Bxe4 17.Rxc7 Rxb3 18.Bxf6 Rxd3 19.Bxg7 Kxg7 20.Nc5 Nb5 21.Rxd7 Bc6
22.Rxf7+ Kxf7 23.Ne5+ Kf6 24.Nexd3 Nxd4 25.Rxa6 Rxa6 26.Nxa6 Bb5 27.Nac5 Ne2+
28.Kh1 Kf5 29.h3 h5 30.g3 Bc6+ 31.Kh2 Nd4 32.Kg1 g5 33.f4 gxf4 34.gxf4 Ne2+
35.Kf2 Nxf4 36.Nxf4 Kxf4 37.Nxe6+ Ke4 38.Kg3 Kd3 39.h4 Be8 40.Ng7 Bf7 41.Kf4 Kc4
42.Kg5 Kb3 43.Nxh5 Kxb2 44.Nf4 Kc3 45.Ng6 Kd4 46.h5 Ke4 47.h6 Bg8 48.Kf6  1-0

[Event "22nd SEA Games Team Rapid"]
[Site "Ho Chi Minh City VIE"]
[Date "2003.12.05"]
[Round "2.1"]
[White "Antonio,R"]
[Black "Chan,N"]
[Result "1-0"]
[WhiteElo "2521"]
[BlackElo "2274"]

1.e4 c5 2.Nf3 Nc6 3.Bb5 d6 4.O-O Bd7 5.Re1 Nf6 6.Nc3 e5 7.d3 Be7 8.Bg5 Ng4
9.Bxe7 Nxe7 10.Nd2 O-O 11.h3 Nh6 12.Bc4 Kh8 13.a3 Ng6 14.b4 b6 15.bxc5 bxc5
16.Rb1 f5 17.Nf3 Nf4 18.Nd5 g5 19.Nxf4 gxf4 20.Bd5 Rb8 21.Rxb8 Qxb8 22.Qa1 Qc7
23.Rb1 Rb8 24.Qa2 Kg7 25.Nh4 Kf6 26.Nf3 Ba4 27.Rxb8 Qxb8 28.Nd2 Bd7 29.c3 Bb5
30.exf5 Nxf5 31.Ne4+ Ke7 32.Bg8 Bxd3 33.Qf7+ Kd8 34.Nf6 Qb5 35.Bxh7 Kc8 36.Nd5 Qd7
37.Bxf5  1-0

[Event "VIII Mirko Srajber Mem"]
[Site "Subotica SCG"]
[Date "2003.12.05"]
[Round "8"]
[White "Sanduleac,V"]
[Black "Benkovic,P"]
[Result "1-0"]
[WhiteElo "2480"]
[BlackElo "2463"]

1.e4 c5 2.Nf3 Nc6 3.Bb5 g6 4.Bxc6 dxc6 5.h3 Bg7 6.d3 Nf6 7.Nc3 O-O 8.Be3 b6
9.Qd2 Re8 10.Bh6 e5 11.Bxg7 Kxg7 12.g4 a5 13.Ne2 Ba6 14.Ng3 Nd7 15.g5 Qc7
16.O-O-O Nf8 17.Qc3 Qd6 18.h4 Bc8 19.Rdf1 b5 20.h5 b4 21.Qe1 Ne6 22.hxg6 hxg6
23.Rh6 Rg8 24.Qe3 Kf8 25.Rfh1 Ba6 26.Nf5 gxf5 27.exf5 Qd5 28.fxe6 fxe6 29.Nxe5  1-0

[Event "ch-GRE w"]
[Site "Aspropyrgos GRE"]
[Date "2003.12.06"]
[Round "8"]
[White "Ikonomopoulou,M"]
[Black "Kondou,E"]
[Result "1-0"]
[WhiteElo "2039"]
[BlackElo "2183"]

1.e4 c5 2.Nf3 Nc6 3.Bb5 e6 4.b3 Nge7 5.Bb2 a6 6.Be2 d5 7.exd5 Nxd5 8.O-O Nf4
9.Nc3 Be7 10.Ne4 f5 11.Ng3 Bf6 12.c3 b6 13.Re1 O-O 14.d4 Nxe2+ 15.Nxe2 c4
16.Nf4 Qd6 17.Qc1 Be7 18.Qe3 Re8 19.Rad1 cxb3 20.axb3 Na5 21.c4 Bf6 22.c5 Qd8
23.Ba3 bxc5 24.dxc5 Qe7 25.Rd6 Nb7 26.Rb6 Nd8 27.b4 Bb7 28.c6 Bc8 29.b5 Qa7
30.Bc5 axb5 31.Rxb5 Qa4 32.Reb1 Nxc6 33.Nd5 Ra5 34.Rxa5 Qxa5 35.Nxf6+ gxf6
36.Bb6 Qa2 37.Rc1 Bb7 38.Qh6 Qb2 39.Be3 Rd8 40.h3 Qa3 41.Bc5 Qb2 42.Re1 Qc3
43.Rc1 Qb2 44.Re1 Bc8 45.Qh4 Kg7 46.Qg3+ Kh8 47.Qc7 Qb7 48.Qxb7 Bxb7 49.Rxe6 Kg7
50.Nh4 Kf7 51.Re3 Rd5 52.Ba3  1-0

[Event "TCh-CZE Extraliga 2003-4"]
[Site "Czech Rep CZE"]
[Date "2003.12.06"]
[Round "3"]
[White "Fedorchuk,S"]
[Black "Prymula,R"]
[Result "1-0"]
[WhiteElo "2561"]
[BlackElo "2305"]

1.e4 c5 2.Nf3 Nc6 3.Bb5 g6 4.Bxc6 dxc6 5.d3 Bg7 6.h3 b6 7.Nc3 e5 8.Be3 Ne7
9.Qd2 h6 10.a3 f5 11.g3 Qd6 12.O-O-O Be6 13.Rhe1 O-O-O 14.Qe2 Rhf8 15.Bd2 Rde8
16.Kb1 Qc7 17.exf5 Nxf5 18.Ne4 g5 19.g4 Nd6 20.Nxd6+ Qxd6 21.Bc3 Bd5 22.Nd2 Qf6
23.Ne4 Qg6 24.Rd2 Bh8 25.Ng3 Bg2 26.Rg1 Bf3 27.Qe3 Bd5 28.Re2 Rf3 29.Qd2 Rf7
30.Rge1 Bg2 31.Bxe5 Bxe5 32.Rxe5 Rxe5 33.Rxe5 Bxh3 34.Qe2 Kd7 35.f3 Qf6 36.Re3 Qf4
37.Nf5 Kc8 38.Re8+ Kb7 39.Re7+ Rxe7 40.Qxe7+ Ka6 41.Nd6  1-0

[Event "TCh-CZE Extraliga 2003-4"]
[Site "Czech Rep CZE"]
[Date "2003.12.06"]
[Round "3"]
[White "Velicka,P"]
[Black "Markos,J"]
[Result "0-1"]
[WhiteElo "2439"]
[BlackElo "2459"]

1.e4 c5 2.Nf3 Nc6 3.Bb5 d6 4.c3 Nf6 5.e5 dxe5 6.Nxe5 Qd5 7.Nxc6 bxc6 8.Be2 e5
9.O-O Bf5 10.Na3 Be7 11.Nc4 Bg6 12.d3 O-O 13.Qa4 Qe6 14.Re1 Nd5 15.Bf3 f6
16.Na5 Rac8 17.c4 Nb4 18.a3 Nxd3 19.Bxc6 Be8 20.Qd1 Bxc6 21.Qxd3 Rfd8 22.Qe2 Be8
23.Bd2 Bg6 24.Bc3 Bd3 25.Qe3 e4 26.Rad1 Qf7 27.b4 f5 28.Nb7 Re8 29.bxc5 f4
30.Qh3 Bxc5 31.Nxc5 Rxc5 32.Qg4 h5 33.Qh4 g5 34.Qh3 Rxc4 35.Ba1 Rc5 36.Bd4 Rd5
37.Ba1 Rf8 38.f3 g4 39.fxg4 Rg5 40.Qh4 Rxg4 41.Qf2 Kh7 42.h3 Rg3 43.Kh2 Rfg8
44.Rg1 e3 45.Qb2 Be4 46.Qe5 Rxg2+ 47.Rxg2 Rxg2+ 48.Kh1 Rg1+ 49.Kh2 Rxd1 50.Qxe4+ Kh6  0-1

[Event "FSGM December"]
[Site "Budapest HUN"]
[Date "2003.12.07"]
[Round "2"]
[White "Drabke,L"]
[Black "Horvath,P1"]
[Result "0-1"]
[WhiteElo "2449"]
[BlackElo "2457"]

1.e4 c5 2.Nf3 Nc6 3.Bb5 g6 4.Bxc6 dxc6 5.d3 Bg7 6.h3 Nf6 7.Nc3 O-O 8.Be3 b6
9.Qd2 e5 10.Bh6 Qd6 11.Nh2 Nh5 12.O-O-O a5 13.Bxg7 Kxg7 14.Ne2 a4 15.Ng4 f6
16.g3 Be6 17.Kb1 b5 18.Qh6+ Kg8 19.f4 b4 20.f5 Bf7 21.Rhf1 b3 22.cxb3 axb3
23.a3 c4 24.dxc4 Qc5 25.Qe3 Qxc4 26.Nh6+ Kg7 27.Nxf7 Qc2+  0-1

[Event "FSGM December"]
[Site "Budapest HUN"]
[Date "2003.12.07"]
[Round "2"]
[White "Howell,D"]
[Black "Grigore,Ge"]
[Result "1/2-1/2"]
[WhiteElo "2381"]
[BlackElo "2485"]

1.e4 c5 2.Nf3 Nc6 3.Bb5 g6 4.Bxc6 dxc6 5.d3 Bg7 6.h3 Nf6 7.Nc3 O-O 8.Be3 b6
9.Qd2 e5 10.Bh6 Qd6 11.O-O Be6 12.Ne2 Rad8 13.Bxg7 Kxg7 14.Qc3 Nd7 15.Ng5 f6
16.Nxe6+ Qxe6 17.a3 Qd6 18.b4 Rf7 19.f4 exf4 20.Rxf4 Qe5 21.Qxe5 fxe5 22.Rxf7+ Kxf7
23.Kf2 Ke6 24.Ke3  1/2-1/2

[Event "TCh-CZE Extraliga 2003-4"]
[Site "Czech Rep CZE"]
[Date "2003.12.07"]
[Round "4"]
[White "Prymula,R"]
[Black "Zezulkin,J"]
[Result "0-1"]
[WhiteElo "2305"]
[BlackElo "2543"]

1.e4 c5 2.Nf3 Nc6 3.Bb5 g6 4.Bxc6 dxc6 5.d3 Bg7 6.h3 e5 7.Be3 b6 8.Qd2 h6
9.Qc3 Qc7 10.a3 f5 11.b4 Nf6 12.bxc5 fxe4 13.cxb6 axb6 14.dxe4 Nxe4 15.Qb4 Nc5
16.Nc3 O-O 17.Rb1 Ba6 18.Qxb6 Qxb6 19.Rxb6 Ne6 20.Rxc6 Nd4 21.Rxg6 Nxc2+
22.Kd2 Rfd8+ 23.Kc1 Nxe3 24.fxe3 Rac8 25.Rxa6 Rxc3+ 26.Kb2 e4 27.Rg6 Rb8+  0-1

[Event "TCh-BEL 2003-4"]
[Site "Belgium BEL"]
[Date "2003.12.08"]
[Round "4"]
[White "Rogers,I"]
[Black "Kishnev,S"]
[Result "1-0"]
[WhiteElo "2574"]
[BlackElo "2488"]

1.e4 c5 2.Nf3 Nc6 3.Bb5 e6 4.Bxc6 bxc6 5.d3 Qc7 6.e5 f6 7.Bf4 Ne7 8.Nbd2 fxe5
9.Nxe5 d6 10.Nec4 e5 11.Bg3 h5 12.f4 Bg4 13.Nf3 exf4 14.Bxf4 Ng6 15.Qe2+ Kd7
16.Be3 d5 17.O-O-O Re8 18.h3 Be6 19.Ncd2 Bd6 20.Qf2 Bg3 21.Qg1 Nf4 22.Bxf4 Bxf4
23.Qxc5 Re7 24.Kb1 Qb6 25.Nb3 Bd6 26.Qc3 Rhe8 27.a3 Bf5 28.Rhf1 Bh7 29.Rde1 c5
30.Rxe7+ Rxe7 31.Re1 Rxe1+ 32.Nxe1 Bf8 33.Nf3 Qc7 34.Qe1 Be7 35.Qe3 Bf5 36.Ne5+ Ke8
37.Qf4 Be6 38.Qa4+ Kf8 39.Ng6+ Kf7 40.Nxe7 Qxe7 41.Qf4+ Qf6 42.Qxf6+ Kxf6
43.Nxc5 Bc8 44.Kc1 Ke5 45.Kd2 Kf4 46.Ke2 Kg3 47.Kf1 Kh2 48.b4 g5 49.b5 g4
50.hxg4 hxg4 51.Nb3 g3 52.Nd4 Kh1 53.Ne2 Kh2 54.c3 Bb7 55.Nf4 Kh1 56.a4 Kh2
57.a5 Kh1 58.a6 Bc8 59.Nxd5 Bh3 60.Nf4  1-0

[Event "TCh-BEL 2003-4"]
[Site "Belgium BEL"]
[Date "2003.12.08"]
[Round "4"]
[White "Glek,I"]
[Black "Goloshchapov,A"]
[Result "0-1"]
[WhiteElo "2555"]
[BlackElo "2574"]

1.e4 c5 2.Nf3 Nc6 3.Bb5 e6 4.O-O Nge7 5.Re1 a6 6.Bxc6 Nxc6 7.d4 cxd4 8.Nxd4 d6
9.Nc3 Bd7 10.Nxc6 Bxc6 11.Re3 Be7 12.Rd3 Qc7 13.Bf4 b5 14.a3 Rd8 15.Qg4 g5
16.Bd2 h5 17.Qe2 g4 18.Rd1 Rg8 19.Bf4 Rg6 20.Qd2 e5 21.Be3 Rc8 22.Qe2 Bd7
23.Qe1 f5 24.Nd5 Qb7 25.Qd2 Rc6 26.exf5 Bxf5 27.Rc3 Be4 28.Rxc6 Qxc6 29.c3 Bd8
30.b3 Ba5 31.Nb4 Qb7 32.Nd5 h4 33.b4 Bd8 34.Qa2 Qc6 35.a4 h3 36.axb5 axb5
37.c4 bxc4 38.b5 Qxb5 39.Qa8 Bxd5 40.Qxd5 Qxd5 41.Rxd5 Kd7 42.Rd1 Ke6 43.Ra1 d5
44.Kf1 Kf5 45.Ra3 hxg2+ 46.Kxg2 Bg5  0-1

[Event "TCh-BEL 2003-4"]
[Site "Belgium BEL"]
[Date "2003.12.08"]
[Round "4"]
[White "Jens,J"]
[Black "Hausrath,D"]
[Result "1/2-1/2"]
[WhiteElo "2387"]
[BlackElo "2452"]

1.e4 c5 2.Nf3 Nc6 3.Bb5 Nf6 4.Nc3 Qc7 5.O-O Nd4 6.Bc4 e6 7.d3 Ng4 8.g3 Nxf3+
9.Qxf3 Ne5 10.Qe2 Be7 11.Bb3 d6 12.f4 Nc6 13.f5 Bf6 14.Qh5 Qe7 15.fxe6 Bxe6
16.Nd5 Bxd5 17.Bxd5 Nb4 18.Bb3 O-O 19.a3 Nc6 20.c3 Ne5 21.Qe2 b5 22.Bd5 Rab8
23.Be3 Nd7 24.Rf2 Nb6 25.Bb3 Bg5 26.Bxg5 Qxg5 27.Raf1 Rb7 28.Rf5 Qg6 29.e5 Re7
30.d4 cxd4 31.cxd4 dxe5 32.dxe5 Nc4 33.Bxc4 Qb6+ 34.R1f2 bxc4 35.Qxc4 g6
36.Rf6 Qe3 37.e6 Rxe6 38.Rf3  1/2-1/2

[Event "6th Open"]
[Site "Tanta City EGY"]
[Date "2003.12.08"]
[Round "2"]
[White "Karlovich,A"]
[Black "Doghri,N"]
[Result "0-1"]
[WhiteElo "2296"]
[BlackElo "2313"]

1.e4 c5 2.Nf3 Nc6 3.Bb5 e6 4.Bxc6 bxc6 5.O-O Ne7 6.b3 Ng6 7.Bb2 f6 8.Re1 e5
9.d3 Be7 10.Nbd2 O-O 11.Nf1 d6 12.Ng3 f5 13.exf5 Bxf5 14.Nxf5 Rxf5 15.c3 Qf8
16.Re3 d5 17.Qe1 Bd6 18.Rd1 Qf6 19.Nd2 Rf8 20.f3 h5 21.Nf1 Nf4 22.Rd2 h4
23.c4 Rg5 24.Qd1 d4 25.Re1 Qg6 26.Qc2 Nh3+ 27.Kh1 Rxf3 28.Ng3 Rgxg3 29.hxg3 Qxg3
30.Red1 Nf2+ 31.Kg1 Ng4  0-1

[Event "6th Open"]
[Site "Tanta City EGY"]
[Date "2003.12.08"]
[Round "2"]
[White "Yousry,S"]
[Black "Frhat,A"]
[Result "1/2-1/2"]
[WhiteElo "2268"]
[BlackElo "2313"]

1.e4 c5 2.Nf3 Nc6 3.Bb5 g6 4.O-O Bg7 5.Bxc6 dxc6 6.d3 Bg4 7.h3 Bxf3 8.Qxf3 Nf6
9.Nc3 e5 10.Qg3 Qe7 11.Be3 Nd7 12.f4 exf4 13.Bxf4 Ne5 14.Rad1 O-O 15.Ne2 Rad8
16.b3 Rd7 17.c3 Rfd8 18.d4  1/2-1/2

[Event "FSGM December"]
[Site "Budapest HUN"]
[Date "2003.12.09"]
[Round "4"]
[White "Drabke,L"]
[Black "Grigore,Ge"]
[Result "0-1"]
[WhiteElo "2449"]
[BlackElo "2485"]

1.e4 c5 2.Nf3 Nc6 3.Bb5 g6 4.Bxc6 dxc6 5.d3 Bg7 6.h3 Nf6 7.Nc3 O-O 8.Be3 b6
9.Qd2 e5 10.Bh6 Qd6 11.O-O-O a5 12.Nh2 Be6 13.Ng4 Nh5 14.Bxg7 Kxg7 15.Qh6+ Kh8
16.f4 f6 17.f5 Bf7 18.fxg6 Bxg6 19.Rhf1 a4 20.Ne2 b5 21.Ne3 Qe6 22.Kb1 a3
23.b3 Qd7 24.Nf5 Ng7 25.Nh4 Qf7 26.Rf3 Ne6 27.Rdf1 Qg7 28.Nxg6+ Qxg6 29.Qxg6 hxg6
30.Rxf6 Kg7 31.Rxf8 Nxf8 32.Kc1 Ne6 33.Kd2 Re8 34.c3 c4 35.dxc4 bxc4 36.Kc2 Nc5
37.Ng3 Rb8 38.b4 Nd3 39.Ne2 c5 40.Nc1 Nf4 41.Rf2 cxb4 42.cxb4 Rxb4 43.Kc3 Rb1
44.Rc2 Nxg2 45.Rxg2 Rxc1+ 46.Kb4 Re1 47.Rg4 c3 48.Kb3 Rb1+ 49.Kxc3 Rb2 50.h4 Kf6
51.Rg3 Rxa2 52.Rf3+ Kg7 53.Kc4 Rd2 54.Rxa3 Rd4+ 55.Kc5 Kh6 56.Rg3 Rxe4 57.Kd5 Rxh4
58.Kxe5 g5 59.Rf3 Kh5 60.Kf5 Rh1 61.Rf2 Kh4 62.Rf3 g4 63.Rf4 Rg1 64.Ra4 Rf1+
65.Kg6 Kh3 66.Kg5 g3  0-1

[Event "It Resort and Casino"]
[Site "Decameron DOM"]
[Date "2003.12.09"]
[Round "7"]
[White "De la Paz,F"]
[Black "Alvarado,N"]
[Result "1-0"]
[WhiteElo "2427"]
[BlackElo "2318"]

1.e4 c5 2.Nf3 Nc6 3.Bb5 g6 4.O-O Bg7 5.Re1 e5 6.c3 Nge7 7.d4 cxd4 8.cxd4 exd4
9.Bg5 h6 10.Bf4 d6 11.Nxd4 O-O 12.Bxc6 bxc6 13.Nc3 d5 14.exd5 cxd5 15.Qd2 Kh7
16.Be5 Bb7 17.Rad1 Ng8 18.Bxg7 Kxg7 19.Na4 Qd6 20.b4 Rae8 21.Nc5 Bc8 22.Nb5 Qb8
23.Qd4+ Kh7 24.Rxe8 Rxe8 25.Nc3 Be6 26.Nxd5 Bxd5 27.Qxd5 Re7 28.Qd4 Qe8 29.h3 Re2
30.a4 Ra2 31.a5 Qe2 32.Nd7 h5 33.h4 Qe7 34.Ne5 Re2 35.Nd7 a6 36.g3 Re6 37.Nc5 Re2
38.Qd6 Re1+ 39.Kg2 Rxd1 40.Qxd1 Nf6 41.Qf3 Ng4 42.Nxa6 Ne5 43.Qe4 f5 44.Qd5 f4
45.gxf4 Ng4 46.f5 Qxh4 47.Qf7+ Kh8 48.Qf8+ Kh7 49.fxg6+ Kxg6 50.Qf4 Qd8 51.Nc5 Nf6
52.Qg5+ Kf7 53.Qg7+ Ke8 54.Qh8+ Ke7 55.Qxd8+ Kxd8 56.b5  1-0

[Event "22nd SEA Games Standard"]
[Site "Ho Chi Minh City VIE"]
[Date "2003.12.09"]
[Round "3"]
[White "Antonio,R"]
[Black "Pham Minh Hoang"]
[Result "0-1"]
[WhiteElo "2521"]
[BlackElo "2438"]

1.e4 c5 2.Nf3 Nc6 3.Bb5 g6 4.O-O Bg7 5.Bxc6 dxc6 6.d3 Bg4 7.h3 Bxf3 8.Qxf3 e5
9.Na3 Ne7 10.Bg5 O-O 11.Bf6 b5 12.Rad1 Qd6 13.Bh4 Nc8 14.c3 Nb6 15.Qe2 Qe6
16.c4 a6 17.f3 Nd7 18.Bf2 Bh6 19.Nb1 Rfd8 20.Nd2 Qe7 21.Nb3 a5 22.Be3 Bxe3+
23.Qxe3 a4 24.Nc1 Qd6 25.Ne2 b4 26.g3 Nf8 27.f4 Ne6 28.f5 Nd4 29.Rf2 Nxe2+
30.Qxe2 a3 31.b3 Ra7 32.Kg2 Rad7 33.h4 Qe7 34.Qe3 Rd4 35.Rf3 R8d6 36.h5 Qd8
37.hxg6 hxg6 38.fxg6 Rxg6 39.Rh1 Qg5 40.Qf2 f6 41.Rf5 Qg4 42.Qe3 Kg7 43.Rfh5 Kf7
44.Rh7+ Rg7 45.Rxg7+ Qxg7 46.Rf1 Ke6 47.Rf5 Qg6 48.Kf2 Qh7 49.Kg1 Qg6 50.Kg2 Qg7
51.Rh5 Qd7 52.Qf2 Rxd3 53.Rf5 Qg7 54.Rf3 Rd4 55.Qe2 Qg6 56.Re3 Kf7 57.Qf3 Qg5
58.Re2 Ke7 59.Qf2 Qg4 60.Qe3 Ke6 61.Re1 Qg6 62.Re2 Qg4 63.Re1 Kf7 64.Qh6 Rd3
65.Qh7+ Ke6 66.Qf5+ Qxf5 67.exf5+ Kxf5 68.Re2 e4 69.Rf2+ Ke5 70.g4 e3 71.Rf5+ Ke4
72.Rxf6 Rd2+ 73.Kg3 Rxa2 74.Re6+ Kd3  0-1